书目信息 |
| 题名: |
巨人的幽默
|
|
| 作者: | 王昌连 编著 | |
| 分册: | ||
| 出版信息: | 长沙 湖南人民出版社 2006 |
|
| 页数: | 380页 | |
| 开本: | 25cm | |
| 丛书名: | ||
| 单 册: | ||
| 中图分类: | K811 , B842.6 | |
| 科图分类: | ||
| 主题词: | 名人--生平事迹--世界 , 名人 , 心理过程 , 心理状态 | |
| 电子资源: | ||
| ISBN: | 7-5438-4684-5 | |
| 000 | 00868nam0 2200277 450 | |
| 001 | 1229701609 | |
| 005 | 20120928081649.53 | |
| 010 | @a7-5438-4684-5@dCNY38.00 | |
| 100 | @a20070318d2006 em y0chiy50 ea | |
| 101 | 0 | @achi |
| 102 | @aCN@b430000 | |
| 105 | @ac z 000yy | |
| 106 | @ar | |
| 200 | 1 | @a巨人的幽默@f王昌连编著@Aju ren de you mo |
| 210 | @a长沙@c湖南人民出版社@d2006 | |
| 215 | @a380页@c肖像@d25cm | |
| 330 | @a本书介绍了林肯、罗斯福、丘吉尔、毛泽东等世界名人的幽默。巨人们“用仁慈心灵的光辉缓和严峻的行动,用幽默的微笑照亮为热情所蒙蔽的事态”。 | |
| 606 | 0 | @a名人@x生平事迹@y世界 |
| 606 | 0 | @a名人 |
| 606 | 0 | @a心理过程 |
| 606 | 0 | @a心理状态 |
| 690 | @aK811@v4 | |
| 690 | @aB842.6@v4 | |
| 701 | 0 | @a王昌连@4编著@Awang chang lian |
| 801 | 0 | @aCN@b大连网信软件有限公司图书馆·11@c20120928 |
| 905 | @a10447@dB842.6@eJY354 | |
| 巨人的幽默/王昌连编著.-长沙:湖南人民出版社,2006 |
| 380页:肖像;25cm |
| ISBN 7-5438-4684-5:CNY38.00 |
| 本书介绍了林肯、罗斯福、丘吉尔、毛泽东等世界名人的幽默。巨人们“用仁慈心灵的光辉缓和严峻的行动,用幽默的微笑照亮为热情所蒙蔽的事态”。 |
| ● |
| 相关链接 |
|
|
|
|
正题名:巨人的幽默
索取号:B842.6/JY354
 
预约/预借
| 序号 | 登录号 | 条形码 | 馆藏地/架位号 | 状态 | 备注 |
| 1 | 7804062 | 278040629 | 学院路分馆/ [索取号:B842.6/JY354] |
已借出,限还日期为2025.12.29 借出人:皮新怡 |
|
| 2 | 7804063 | 278040638 | 学院路分馆/ [索取号:B842.6/JY354] |
已借出,限还日期为2026.03.16 借出人:郄佳意 |